Poems of 1820 : (Record no. 19216)
[ view plain ]
| 000 -LEADER | |
|---|---|
| fixed length control field | 00879nam a22002892a 4500 |
| 001 - CONTROL NUMBER | |
| control field | 19216 |
| 003 - CONTROL NUMBER IDENTIFIER | |
| rucl marc code | BD-RjUL |
| 005 - DATE AND TIME OF LATEST TRANSACTION | |
| control field | 20211209000412.0 |
| 008 - FIXED-LENGTH DATA ELEMENTS--GENERAL INFORMATION | |
| fixed length control field | 140223s1969 enk b 001 1 eng d |
| 035 ## - SYSTEM CONTROL NUMBER | |
| System control number | OCLC ocm00114977 from D960117M |
| -- | (BD-RjUL)19274 |
| 040 ## - CATALOGING SOURCE | |
| Original cataloging agency | DLC |
| Transcribing agency | DLC |
| Modifying agency | EQO |
| -- | BD-RjUL |
| Language of cataloging | eng |
| 041 ## - LANGUAGE CODE | |
| Language code of text/sound track or separate title | eng |
| 082 ## - DEWEY DECIMAL CLASSIFICATION NUMBER | |
| Classification number | 821.7 |
| Author mark and year | KEP 1969 |
| 100 1# - MAIN ENTRY--PERSONAL NAME | |
| Personal name | Keats, John, |
| Dates associated with a name | 1795-1821. |
| 9 (RLIN) | 59128 |
| 245 10 - TITLE STATEMENT | |
| Title | Poems of 1820 : |
| Remainder of title | and, The fall of Hyperion / |
| Statement of responsibility, etc. | edited by D.G. Gillham. |
| 260 ## - PUBLICATION, DISTRIBUTION, ETC. (IMPRINT) | |
| Place of publication, distribution, etc. | London : |
| Name of publisher, distributor, etc. | Collins, |
| Date of publication, distribution, etc. | c1969. |
| 300 ## - PHYSICAL DESCRIPTION | |
| Pagination | 224 p. : |
| Size | 18 cm. |
| 490 1# - SERIES STATEMENT | |
| Series statement | Collins annotated student texts |
| 504 ## - BIBLIOGRAPHY, ETC. NOTE | |
| Bibliography, etc | Includes bibliographical references |
| 650 ## - SUBJECT ADDED ENTRY--TOPICAL TERM | |
| Topical term or geographic name as entry element | English poetry. |
| 9 (RLIN) | 59129 |
| 700 1# - ADDED ENTRY--PERSONAL NAME | |
| Personal name | Gillham, D. G. |
| 830 #0 - SERIES ADDED ENTRY--UNIFORM TITLE | |
| Uniform title | Collins annotated student texts. |
| 942 ## - ADDED ENTRY ELEMENTS (KOHA) | |
| Source of classification or shelving scheme | Dewey Decimal Classification |
| Koha item type | Books |
| Lost status | Source of classification or shelving scheme | Damaged status | Not for loan | Collection code | Permanent Location | Current Location | Shelving location | Date acquired | Source of acquisition | Cost, normal purchase price | Total Checkouts | Full call number | Date last seen | Copy number | Koha item type |
|---|---|---|---|---|---|---|---|---|---|---|---|---|---|---|---|
| Dewey Decimal Classification | Not For Loan | Fiction | Central Library, University of Rajshahi | Central Library, University of Rajshahi | Reading Room | 18/02/1973 | IDEAL LIBRARY, | 16.50 | 821.7 KEP 1969 | 23/02/2014 | C-1 | Books |